| 000 | 01638nam a2200385 i 4500 | ||
|---|---|---|---|
| 001 | 000043922 | ||
| 003 | DO-SdBNP | ||
| 005 | 20260313091121.0 | ||
| 007 | ta | ||
| 008 | 140508s1995 dr a 000 0 spa d | ||
| 040 |
_aDO-SdBNP _bspa _cBNPHU _erda |
||
| 041 | _arda | ||
| 082 | 4 |
_axxx _bxxx _222 |
|
| 245 | 0 | 0 |
_aLecturas uso del libro de texto y otros medios educativos / _cManuel Brito, Luz Almánzar de Escovar, Margarita Luciano, Rosa María Torres, Antonia Mejía, Sonia Andujar, Lucero Arboleda de Roa ; coordinación, Maritza Rossi de Pérez, |
| 264 | 1 |
_aSanto Domingo : _bSecretaría de Estado de Educación, Bellas Artes y Cultos, _bBID, _c1995. |
|
| 300 |
_a182 páginas : _bil.ustraciones ; _c23 cm. |
||
| 336 |
_atexto _btxt _2rdacontent |
||
| 337 |
_asin mediación _bn _2rdamedia |
||
| 338 |
_avolumen _bnc _2rdacarrier |
||
| 500 | _aEdición de prueba | ||
| 590 | _aInventariado, 2023/BT | ||
| 700 | 1 |
_aPérez, Maritza Rossi de, _eautor _4aut. _964618 |
|
| 700 | 1 |
_aBrito, Manuel, _eautor _4aut. _971832 |
|
| 700 | 1 |
_aAlmánzar de Escovar, Luz, _eautor _4aut. _942862 |
|
| 700 | 1 |
_aLuciano, Margarita, _eautor _4aut. _929227 |
|
| 700 | 1 |
_aTorres, Rosa María, _eautor _4aut. _971833 |
|
| 700 | 1 |
_aMejía, Antonia, _eautor _4aut. _931235 |
|
| 700 | 1 |
_aAndujar, Sonia, _eautor _4aut. _971834 |
|
| 700 | 1 |
_aArboleda de Roa, Lucero, _eautor _4aut. _931310 |
|
| 700 | 1 |
_aPérez, Maritza Rossi de, _ecoordinador _4coord. _964618 |
|
| 710 | 1 |
_aRepública Dominicana. _bSecretaría de Estado de Educación, Bellas Artes y Cultos _923965 |
|
| 710 | 2 |
_aBanco Interamericano de Desarrollo _99655 |
|
| 910 | _aBtavárez | ||
| 942 |
_2ddc _cLBS1 |
||
| 999 |
_c43411 _d43411 |
||